Funkcional'no-stoimostnyj analiz v racionalizacii proizvodstva

Na minha lista:
Detalhes bibliográficos
Autor principal: Vellenreuther, Helmut
Formato: Livro
Idioma:russo
Publicado em: Moskva Ekonomika 1984
Tags: Adicionar Tag
Sem tags, seja o primeiro a adicionar uma tag!

MARC

LEADER 00000nam a2200000 4500
001 c106812
005 20191014135746.1
041 0 |a rus 
044 |a RU 
245 1 0 |a Funkcional'no-stoimostnyj analiz v racionalizacii proizvodstva  |c Helmut Vellenreuther 
264 1 |a Moskva  |b Ekonomika  |c 1984 
300 |a 110 s. 
100 1 |a Vellenreuther, Helmut